000 00837naa a22002417u 4500
001 20950
003 HDC
007 cr bn ---aaaaa
008 210306t200901 xx 000 0 eng
040 _aHDC
100 _aIR, MARCO TIEMAN,
_eauthor
_918711
245 0 _aGULFOOD 2009 PROVES THAT FOOD AND HOSPITALITY IS BIGGER THAN EVER
260 _a[No place] :
_b[publisher not identified],
_c2009
336 _atext
_2rdacontent
337 _acomputer
_2rdamedia
338 _aonline resource
_2rdacarrier
650 _aFood industry and trade
_vExhibitions
_918730
650 _aRestaurants
_92152
856 _zRequest full-text at [email protected]
942 _2lcc
942 _cEIJ
942 _kEMAG 000937
999 _c18266
_d18266